banner

Obesidad infantojuvenil y sus comorbilidades / (Registro nro. 536)

000 -LEADER
fixed length control field 01447nam a2200253 a 4500
003 - CONTROL NUMBER IDENTIFIER
control field AR-BaISA
005 - DATE AND TIME OF LATEST TRANSACTION
control field 20220818141659.0
007 - PHYSICAL DESCRIPTION FIXED FIELD--GENERAL INFORMATION
fixed length control field ta
008 - FIXED-LENGTH DATA ELEMENTS--GENERAL INFORMATION
fixed length control field 181116s2018 ag ad||| |||| 00| 0 spa d
020 ## - INTERNATIONAL STANDARD BOOK NUMBER
International Standard Book Number 9789875703414
040 ## - CATALOGING SOURCE
Transcribing agency AR-BaISA
082 04 - DEWEY DECIMAL CLASSIFICATION NUMBER
Edition number 22
Classification number 616.398 T636
100 10 - MAIN ENTRY--PERSONAL NAME
9 (RLIN) 123
Personal name Torresani, María Elena
Relator term aut.
245 10 - TITLE STATEMENT
Title Obesidad infantojuvenil y sus comorbilidades /
Statement of responsibility, etc. María Elena Torresani
260 ## - PUBLICATION, DISTRIBUTION, ETC.
Place of publication, distribution, etc. Buenos Aires:
Name of publisher, distributor, etc. Akadia,
Date of publication, distribution, etc. 2018
300 ## - PHYSICAL DESCRIPTION
Extent XXII, 508 p.:
Other physical details il., graf.
504 ## - BIBLIOGRAPHY, ETC. NOTE
Bibliography, etc. note Bibliografía al final de cada capítulo
505 ## - FORMATTED CONTENTS NOTE
Title Situación alimentaria nutricional en el mundo, Latinoamérica y Argentina --
-- Patrones normales del crecimiento, desarrollo y maduración --
-- Desarrollo de la conducta alimentaria en niños y adolescentes --
-- Prevención cardiometabólica desde las primeras etapas de la vida --
-- Obesidad infantojuvenil y sus comorbilidades metabólicas --
-- Implicancias de la microbiota intestinal sobre la obesidad, síndrome metabólico y diabetes tipo 2 --
-- Estrategias generales par el tratamiento del sobrepeso y obesidad infantojuvenil --
-- La obesidad infantojuvenil como factor de riesgo para el desarrollo de trastornos de la conducta alimentaria
650 14 - SUBJECT ADDED ENTRY--TOPICAL TERM
9 (RLIN) 680
Topical term or geographic name entry element Obesidad infantil
650 14 - SUBJECT ADDED ENTRY--TOPICAL TERM
9 (RLIN) 1330
Topical term or geographic name entry element Adolescencia
General subdivision obesidad
650 14 - SUBJECT ADDED ENTRY--TOPICAL TERM
9 (RLIN) 1332
Topical term or geographic name entry element Tratamiento de la obesidad
650 14 - SUBJECT ADDED ENTRY--TOPICAL TERM
Topical term or geographic name entry element Trastornos de alimentación y de la ingestión de alimentos
9 (RLIN) 1331
942 ## - ADDED ENTRY ELEMENTS (KOHA)
Source of classification or shelving scheme
Koha item type Libros
Existencias
Withdrawn status Lost status Source of classification or shelving scheme Damaged status Not for loan Permanent Location Current Location Date acquired Inventory number Full call number Barcode Date last seen Price effective from Koha item type
          Biblioteca ISALUD. Dr. Néstor Rodríguez Campoamor Biblioteca ISALUD. Dr. Néstor Rodríguez Campoamor 2019-03-27 3864 616.398 T636 3864 2019-03-27 2019-03-27 Libros
          Biblioteca ISALUD. Dr. Néstor Rodríguez Campoamor Biblioteca ISALUD. Dr. Néstor Rodríguez Campoamor 2019-03-27 3865 616.398 T636 3865 2019-03-27 2019-03-27 Libros
          Biblioteca ISALUD. Dr. Néstor Rodríguez Campoamor Biblioteca ISALUD. Dr. Néstor Rodríguez Campoamor 2019-03-27 3866 616.398 T636 3866 2019-03-27 2019-03-27 Libros